header

Understanding Islamic finance (Record no. 38082)

MARC details
000 -LEADER
fixed length control field 02201nam a22003614a 4500
082 04 - DEWEY DECIMAL CLASSIFICATION NUMBER
Classification number 332.0917/67
100 1# - MAIN ENTRY--AUTHOR NAME
Personal name Ayub, Muhammad,
245 10 - TITLE STATEMENT
Title Understanding Islamic finance
260 ## - PUBLICATION, DISTRIBUTION, ETC. (IMPRINT)
Place of publication Hoboken, NJ :
Name of publisher John Wiley & Sons,
Year of publication c2007.
300 ## - PHYSICAL DESCRIPTION
Number of Pages xxvi, 516 p. :
Other physical details ill.
490 1# - SERIES STATEMENT
Series statement Wiley finance series
505 0# - FORMATTED CONTENTS NOTE
Formatted contents note Distinguishing features of the Islamic economic system -- The main prohibitions and business ethics in Islamic economics and finance -- The philosophy and features of Islamic finance -- Islamic law of contracts and business transactions -- Trading in Islamic commercial law -- Loan and debt in Islamic commercial law -- Overview of financial institutions and products: conventional and Islamic -- Murabaha and musawamah -- Forward sales : salam and istisna'a -- Ijarah / leasing -- Participatory modes : shirkah and its variants -- Some accessory contracts -- Application of the system : financing principles and practices -- Sukuh and securitization : vital issues in Islamic capital markets -- Takaful : an alternative to conventional insurance -- An appraisal of common criticism of Islamic banking and finance -- The way forward.
650 #0 - SUBJECT ADDED ENTRY--TOPICAL TERM
Topical Term Finance
Topical Term Finance
Topical Term Economics
856 40 - ELECTRONIC LOCATION AND ACCESS
Uniform Resource Identifier http://site.ebrary.com/lib/rucke/Doc?id=10233239

No items available.

© 2026 Rongo University
Contact us: librarian | system librarian | Rongo university